000
00239nam a2200109Ia 4500
999
_c
10142
_d
10142
020
_a
978-0749461577
100
_a
Paul Roberts
245
0
_a
Effective Project Management
260
_a
India
_b
S. Chand
_c
2010
300
_a
288
942
_c
BK